| 000 | 00643 a2200157 4500 | ||
|---|---|---|---|
| 000 | |||
| 001 | 90633 | ||
| 082 | _a153.6 PAT | ||
| 090 |
_c42924 _c42924 _d42924 _d42924 |
||
| 100 | _aKerry Patterson; Joseph Grenny; Ron McMillan; Al Switzler | ||
| 245 | _aCrucial conversations ; tools for talking when stakes are high, 2/e | ||
| 250 |
_a2 _a2 |
||
| 260 |
_aNew Delhi _aNew Delhi _bMcGraw Hill _bMcGraw Hill _c2012 _c2012 |
||
| 300 |
_axviii, 244 p. _axviii, 244 p. |
||
| 740 |
_aart -speaking- conversations _aart -speaking- conversations _hgroup discussions; how to convince others _hgroup discussions; how to convince others |
||
| 942 |
_aCAE NUST _aCAE NUST _k153.6 PAT _k153.6 PAT |
||
| 999 |
_c325706 _d325706 |
||